Memoria

Guardat en:
Dades bibliogràfiques
Format: Desconegut
Publicat: San José: Diseño Alternativo
Matèries:
Etiquetes: Afegir etiqueta
Sense etiquetes, Sigues el primer a etiquetar aquest registre!

MARC

LEADER 00000 a2200000 04500
001 18935
003
008 991231s d
040
090 |a 144808  
245 |a Memoria  
260 |a San José:   |b Diseño Alternativo  
300 |a 199 p.  
650 |a MUJERES  
650 |a DEMOCRACIA  
650 |a DEMOCRATIZACION  
650 |a POLITICA  
650 |a REFORMA POLITICA  
650 |a PARTICIPACION POLITICA  
650 |a COMPORTAMIENTO POLITICO  
999 |c 15103  |d 15103